|
|
|
|
| LEADER |
00000naa2a2200000 4500 |
| 001 |
203358 |
| 005 |
20231031185616.0 |
| 035 |
|
|
|a (RuTPU)RU\TPU\book\221608
|
| 035 |
|
|
|a RU\TPU\book\221606
|
| 090 |
|
|
|a 203358
|
| 100 |
|
|
|a 20111103d2001 k y0rusy50 ca
|
| 101 |
0 |
|
|a rus
|
| 102 |
|
|
|a RU
|
| 200 |
1 |
|
|a История развития кафедры бурения нефтяных и газовых скважин [Томского политехнического университета]
|f В. Д. Евсеев
|
| 463 |
|
0 |
|0 (RuTPU)RU\TPU\book\31124
|y 5-7137-0188-3
|t Столетие горно-геологического образования в Сибири
|f сост. В. В. Кривошеев
|v С. 511-522
|d 2001
|p 704 с.
|
| 610 |
1 |
|
|a труды учёных ТПУ
|
| 700 |
|
1 |
|a Евсеев
|b В. Д.
|c горный инженер
|c профессор Томского политехнического университета
|f 1947-
|g Виктор Дмитриевич
|2 stltpush
|3 (RuTPU)RU\TPU\pers\26127
|
| 801 |
|
1 |
|a RU
|b 63413507
|c 20090812
|
| 801 |
|
2 |
|a RU
|b 63413507
|c 20130321
|g RCR
|
| 942 |
|
|
|c BK
|